Los derechos humanos y el control del poder privado / (Registro nro. 5156)

Detalles MARC
000 -LEADER
fixed length control field 00972nam a2200253Ia 4500
003 - CONTROL NUMBER IDENTIFIER
control field OSt
005 - DATE AND TIME OF LATEST TRANSACTION
control field 20200407103133.0
008 - FIXED-LENGTH DATA ELEMENTS--GENERAL INFORMATION
fixed length control field 191128s2001 ck gr 000 0 spa d
020 ## - INTERNATIONAL STANDARD BOOK NUMBER
International Standard Book Number 9586165477
040 ## - CATALOGING SOURCE
Original cataloging agency CO-JMCR
Transcribing agency CO-JMCR
041 0# - LANGUAGE CODE
Language code of text/sound track or separate title spa
082 04 - DEWEY DECIMAL CLASSIFICATION NUMBER
Classification number 323 /
Item number E716d
Edition number 21
100 1# - MAIN ENTRY--PERSONAL NAME
Personal name Escobar Fornos, Iván,
Relator term autor
9 (RLIN) 2660
245 14 - TITLE STATEMENT
Title Los derechos humanos y el control del poder privado /
Statement of responsibility, etc. Iván Escobar Fornos
250 ## - EDITION STATEMENT
Edition statement Primera edición
260 ## - PUBLICATION, DISTRIBUTION, ETC.
Place of publication, distribution, etc. Bogotá :
Name of publisher, distributor, etc. Universidad Externado de Colombia,
Date of publication, distribution, etc. 2001
300 ## - PHYSICAL DESCRIPTION
Extent 53 páginas ;
Dimensions 21 cm.
490 0# - SERIES STATEMENT
Series statement Temas de derecho público ;
Volume/sequential designation 63
505 0# - FORMATTED CONTENTS NOTE
Formatted contents note Dimensiones de los derechos humanos -- Penetración de la constitución en el ordenamiento jurídico -- Campo de apliación -- Derecho Alemán -- Derecho Español -- Derecho Argentino -- Derecho Colombiano
650 14 - SUBJECT ADDED ENTRY--TOPICAL TERM
Topical term or geographic name entry element Derechos humanos
9 (RLIN) 1801
650 14 - SUBJECT ADDED ENTRY--TOPICAL TERM
Topical term or geographic name entry element Derechos civiles
9 (RLIN) 2644
650 14 - SUBJECT ADDED ENTRY--TOPICAL TERM
Topical term or geographic name entry element Control constitucional
9 (RLIN) 2661
942 ## - ADDED ENTRY ELEMENTS (KOHA)
Source of classification or shelving scheme Dewey Decimal Classification
Koha item type Books
Existencias
Withdrawn status Lost status Source of classification or shelving scheme Damaged status Not for loan Collection code Home library Current library Date acquired Source of acquisition Cost, normal purchase price Total Checkouts Full call number Barcode Date last seen Copy number Koha item type
    Dewey Decimal Classification     Non-fiction Biblioteca Pública José María del Castillo y Rada Biblioteca Pública José María del Castillo y Rada 04/15/2018 Donación 0.00   323 / E716d 430001380 05/16/2024 Ej.1 Books